Southville International School and Colleges
Your cart is empty.
  • Cart
  • Lists
    Public lists Eva Luna New books Lux_list list_1
    Your lists Log in to create your own lists
  • Log in to your account
  • Your cookies
  • Search history
Southville International School and Colleges
  • Advanced search
  • Recent comments
  • Most popular
  • Libraries

Log in to your account

Log in with GOOGLE


If you do not have an external account, but do have a local account, you can still log in:

  1. Home
  2. MARC view: A fiery peace in cold war:
Normal view MARC view ISBD view

A fiery peace in cold war: (Record no. 288008)

[ view plain ]
MARC details
000 -LEADER
fixed length control field 00664nam a2200169Ia 4500
008 - FIXED-LENGTH DATA ELEMENTS--GENERAL INFORMATION
fixed length control field 150610s9999 xx 000 0 und d
020 ## - INTERNATIONAL STANDARD BOOK NUMBER
International Standard Book Number 9780679422846
050 ## - LIBRARY OF CONGRESS CALL NUMBER
Classification number E745
Item number .S34S44 2009
100 ## - MAIN ENTRY--PERSONAL NAME
Personal name Sheehan, Neil
245 #2 - TITLE STATEMENT
Title A fiery peace in cold war:
Remainder of title Bernard Schriever and the ultimate weapon /
Statement of responsibility, etc Neil Sheehan.
260 ## - PUBLICATION, DISTRIBUTION, ETC. (IMPRINT)
Place of publication, distribution, etc New York :
Name of publisher, distributor, etc Random House,
Date of publication, distribution, etc 2009.
300 ## - PHYSICAL DESCRIPTION
Extent 534pages ;
Dimensions 24 cm.
504 ## - BIBLIOGRAPHY, ETC. NOTE
Bibliography, etc Includes bibliographical references and index.
650 ## - SUBJECT ADDED ENTRY--TOPICAL TERM
Topical term or geographic name as entry element Intercontinental ballistic missiles-Design and construction
Topical term following geographic name as entry element History.
650 ## - SUBJECT ADDED ENTRY--TOPICAL TERM
Topical term or geographic name as entry element Military engineers-United States
General subdivision Biography.
650 ## - SUBJECT ADDED ENTRY--TOPICAL TERM
Topical term or geographic name as entry element United States, Air Force Officers
General subdivision Biography.
Holdings
Withdrawn status Lost status Damaged status Home library Current library Shelving location Date acquired Total Checkouts Full call number Barcode Date last seen Price effective from Koha item type
      Stonyhurst Southville International School (Batangas) Stonyhurst Southville International School (Batangas) High School Section 06/10/2015   E745 .S34S44 2009 US-1544 06/10/2015   Books

A fiery peace in cold war:

APA

Sheehan N., . (2009). A fiery peace in cold war. New York: Random House.

Chicago

Sheehan Neil, . 2009. A fiery peace in cold war. New York: Random House.

Harvard

Sheehan N., . (2009). A fiery peace in cold war. New York: Random House.

MLA

Sheehan Neil, . A fiery peace in cold war. New York: Random House. 2009.

  • Place hold
  • Print
  • Cite
  • Add to your cart (remove)
  • Save record
    BIBTEX Dublin Core MARCXML MARC (non-Unicode/MARC-8) MARC (Unicode/UTF-8) MARC (Unicode/UTF-8, Standard) MODS (XML) RIS
  • More searches
    Search for this title in:
    Other Libraries (WorldCat) Other Databases (Google Scholar) Online Stores (Bookfinder.com) Open Library (openlibrary.org)

Exporting to Dublin Core...

SOUTHVILLE LIBRARY

Southville International School and Colleges Library

1281 Tropical Ave. Cor. Luxembourg St., BF Homes International, Las Pinas City

Tel. No. 8256374 / 252358 Loc. 117/146

Powered by Koha